| 000 | 00394nam a2200121Ia 4500 | ||
|---|---|---|---|
| 008 | 220621s9999||||xx |||||||||||||| ||und|| | ||
| 245 | 0 | _aLow skilled take their qualifications "one step up" | |
| 546 | _aEnglish[eng] | ||
| 650 | _aPedagogia | ||
| 700 | _aFederighi, Paolo||TORLONE, FRANCESCA | ||
| 856 | _uhttps://library.oapen.org/bitstream/20.500.12657/54932/1/9788864531793.pdf | ||
| 942 | _cEB | ||
| 999 |
_c36740 _d36740 |
||